The Muppet Show Guest Stars - Statistics

General Stats
  • This quiz has been taken 35 times
  • The average score is 11 of 20
Answer Stats
Picture Answer % Correct
Elton John
95%
Sylvester Stallone
90%
Mark Hamill
80%
Steve Martin
80%
Christopher Reeve
70%
John Denver
70%
Roger Moore
65%
Sabrina Carpenter
65%
Debbie Harry
60%
Paul Simon
55%
George Burns
50%
Harry Belafonte
50%
Peter Sellers
50%
Jason Segel
45%
Vincent Price
45%
Don Knotts
30%
Alan Arkin
25%
Madeline Kahn
25%
Danny Kaye
20%
Señor Wences
10%
No matching quizzes found
Score Distribution
Percent of People with Each Score
Percentile by Number Answered
Your Score History
You have not taken this quiz